| 000 | 00568nam a2200181 i 4500 | ||
|---|---|---|---|
| 001 | 21722 | ||
| 003 | ES-MaACL | ||
| 005 | 20240430132826.0 | ||
| 007 | t| | ||
| 008 | 021127s1978 sp ||||1| spa d | ||
| 100 | 1 |
_aAleixandre, Vicente, _d1898-1984 _919688 |
|
| 245 | 1 | 0 |
_aAntología total / _cVicente Aleixandre ; selección y prólogo de Pere Gimferrer. |
| 260 |
_aBarcelona, etc. : _bSeix Barral, _c[1978] |
||
| 300 |
_a411 p. ; _c19 cm. |
||
| 700 | 0 |
_aGimferrer, Pere, _d1945- _957102 |
|
| 852 |
_aES-MaACL _jA-8260 _bR.97206 |
||
| 999 |
_c21722 _d21722 |
||